[Event "Florianopolis Spring op 2nd"]
[Site "Florianopolis"]
[Date "2022.10.23"]
[Round "5"]
[White "Mazzuco Junior, Adir"]
[Black "Lobato, Lucas Almeida"]
[Result "0-1"]
[WhiteElo "1406"]
[BlackElo "1842"]
[PlyCount "44"]
[EventDate "2022.10.21"]
[EventType "swiss"]
[EventRounds "6"]
[EventCountry "BRA"]
[SourceTitle "EXT 2024"]
[Source "ChessBase"]
[SourceDate "2023.10.10"]
[SourceVersion "1"]
[SourceVersionDate "2023.10.10"]
[SourceQuality "1"]

1. d4 Nf6 2. Bg5 e6 3. e4 Be7 4. Bxf6 Bxf6 5. e5 Be7 6. Nc3 d6 7. f4 dxe5 8. fxe5 Nc6 9. Nf3 a6 10. Qd2 b5 11. a3 Bb7 12. Be2 Bh4+ 13. Nxh4 Qxh4+ 14. g3 Qxd4 15. Qxd4 Nxd4 16. 0-0 Nxc2 17. Rac1 Nd4 18. Rf4 Rd8 19. Rcf1 Nxe2+ 20. Nxe2 Rd2 21. Nc1 Rg2+ 22. Kh1 Rxg3+ 0-1